Latest research at your fingertips
Gorde:
| Erakunde egilea: | |
|---|---|
| Formatua: | Liburua |
| Hizkuntza: | ingelesa |
| Argitaratua: |
Melbourne
SIDRA
1995
|
| Gaiak: | |
| Etiketak: |
Etiketa erantsi
Etiketarik gabe, Izan zaitez lehena erregistro honi etiketa jartzen!
|
MARC
| LEADER | 00000nam a2200000 a 4500 | ||
|---|---|---|---|
| 001 | UCT5599 | ||
| 003 | CL-VaPUC | ||
| 008 | 961216e19950000at |||||||||||||||||eng|d | ||
| 082 | 0 | 4 | |a 385.204 |b SIG |2 21 |
| 110 | 2 | |a Signalised and Unsignalised Intersection Design and Research Aid |e author |9 375163 | |
| 245 | 1 | 0 | |a Latest research at your fingertips |
| 300 | |a pág. irreg | ||
| 942 | |c BK | ||
| 945 | |d 19961216 00:00:00 |a nastorga | ||
| 260 | |a Melbourne |b SIDRA |c 1995 | ||
| 500 | |a Incluye 2 diskette | ||
| 600 | 0 | 7 | |a SIDRA |2 CL-VaPUC |9 375164 |
| 650 | 7 | |a GUIAS |2 CL-VaPUC |9 375165 | |
| 650 | 0 | |a Transporte urbano |9 260307 | |
| 650 | 7 | |a SERVICIOS |2 CL-VaPUC |9 333888 | |
| 650 | 0 | |a Actividades |9 355289 | |
| 650 | 0 | |a Bases de datos |9 260577 | |
| 650 | 0 | |a Información |9 256927 | |
| 650 | 7 | |a SOTWARE |2 CL-VaPUC |9 375166 | |
| 650 | 7 | |a PROGRAMAS PARA COMPUTADOR |2 CL-VaPUC |9 375167 | |
| 583 | |a last modification |c 20171213 01:42:24 |k Rodrigo Vera | ||
| 999 | |c 254496 |d 254494 | ||